000
00325 a2200145 4500
001
153865
040
_c
Escola São Tomás de Aquino
100
_a
ORTHOF, Sylvia
240
1
0
_a
O sapato que miava
_l
por
245
1
0
_a
O sapato que miava
362
0
_a
1988
440
1
_a
FTD
697
_a
*LITERATURA INFANTIL
942
_c
BK
999
_c
153865
_d
153865